000 00254nam a2200109Ia 4500
005 20251222152606.0
008 251222s9999||||xx |||||||||||||| ||spa||
082 _a985.25/V39
100 _aVega Díaz, Ismael
245 0 _aBuscando el Río:
942 _cLIB
999 _c26777
_d26777